000 01774nam a2200253 a 4500
001 83192
003 BD-RjUL
005 20240229154429.0
008 240229s2004 bg a|||| m||| 00| 0 ben d
035 _a(BD-RjUL)83192
040 _aBD-RjUL
_bben / eng
_cBD-RjUL
_dBD-RjUL
082 _223
_a382
_bAHD 2004
100 _aআহমেদ, ইমতিয়াজ
_911993
245 1 0 _aদক্ষিণ ও দক্ষিণ-পুর্ব এশিয়ার পর্তুগিজ বাণিজ্য (১৪৯৮-১৬৪১) :
_bপ্রকৃতি ও প্রভাব /
_cইমতিয়াজ আহমেদ ;
_6গবেষণা তত্ত্বাবধায়ক : এ. বি. এম. হোসেন, সহ-তত্ত্বাবধায়ক : এম. এ. বারী
260 _aরাজশাহী :
_bইনস্টিটিউট অব বাংলাদেশ স্টাডিজ, রাজশাহী বিশ্ববিদ্যালয়,
_c২০০৪
300 _axvi, ৩৭৫ পাতা :
_bচিত্র ;
_c২৯ সেমি.
502 _aথিসিস (পিএইচ. ডি.) -- ইনস্টিটিউট অব বাংলাদেশ স্টাডিজ, রাজশাহী বিশ্ববিদ্যালয়, ২০০৪
504 _aগ্রন্থপঞ্জি : পাতা ৩৫৯-৩৭৩
650 _aআন্তর্জাতিক বাণিজ্য
_911994
650 _aInterational Commerce
_911995
700 _aহোসেন, এ. বি. এম., গবেষণা তত্ত্বাবধায়ক
_911648
700 _aবারী, এম. এ., সহ-তত্ত্বাবধায়ক
_911996
942 _2ddc
_cTHE
999 _c83192
_d83192